| 000 | 00458nam a2200169Ia 4500 | ||
|---|---|---|---|
| 003 | GCL | ||
| 008 | 140319s9999 xx 000 0 eng d | ||
| 040 |
_aGCL / _cGCL |
||
| 082 | 0 | 4 |
_a629.13252 _bM F |
| 100 | 1 | _aMURPHY, DARYLE | |
| 245 | 1 | 0 |
_aFLYING VER IN MARGINAL WASTHER / _cMURPHY, DARYLE |
| 260 |
_a[S.N] : _bAIRLIFE PUBLISHING ، _c1991 |
||
| 300 | _a206 | ||
| 650 | 0 | 4 | _aAIR PLANES PILOTING |
| 650 | 0 | 4 | _aMETEOROLOGY IN AERONAUTICS |
| 942 |
_2ddc _cBK |
||
| 999 |
_c11105 _d11105 |
||